[Event "Buenos Aires PRENAJ"]
[Site "Buenos Aires"]
[Date "1994.??.??"]
[Round "4"]
[White "Servat, Roberto"]
[Black "Saldano, Horacio"]
[Result "1/2-1/2"]
[WhiteElo "2445"]
[BlackElo "2275"]
[PlyCount "95"]
[EventDate "1994.??.??"]
[Source "www.chesslib.no"]
[SourceDate "2004.05.04"]

1. d4 f5 2. Nc3 Nf6 3. Bg5 e6 4. e4 fxe4 5. Nxe4 Be7 6. Bxf6 Bxf6 7. Qh5+ g6 8. Qh6 b6 9. Nf3 Bb7 10. Bd3 Na6 11. c3 Qe7 12. O-O-O O-O-O 13. Rhe1 Qg7 14. Qd2 Nb8 15. Nxf6 Qxf6 16. Be4 Bxe4 17. Rxe4 Rhf8 18. Rde1 Nc6 19. R1e2 Qg7 20. Ne5 Nxe5 21. dxe5 Rf5 22. Kb1 d5 23. exd6 Rxd6 24. Qc2 Qd7 25. a3 Rfd5 26. Qa4 Qxa4 27. Rxa4 Rd2 28. Rae4 Rxe2 29. Rxe2 Kd7 30. Kc2 Ke7 31. a4 a5 32. b4 Rd5 33. Re4 g5 34. g4 e5 35. f3 Ke6 36. Rc4 c5 37. bxc5 bxc5 38. Re4 Rd7 39. Re3 Rf7 40. Kd3 Rf4 41. c4 Rd4+ 42. Kc3 h5 43. h3 Rd1 44. gxh5 Rh1 45. Kd2 Rxh3 46. Rb3 Rh4 47. Rb5 Rxh5 48. Rxc5 1/2-1/2

[Event "Baku"]
[Site "Baku"]
[Date "1988.??.??"]
[Round "?"]
[White "Guseinov, Aidyn"]
[Black "Sideif Sade, Fikret I"]
[Result "1/2-1/2"]
[WhiteElo "2325"]
[BlackElo "2395"]
[PlyCount "134"]
[EventDate "1988.10.??"]
[Source "ChessBase"]

1. d4 f5 2. Nc3 Nf6 3. Bg5 e6 4. e4 fxe4 5. Nxe4 Be7 6. Bxf6 Bxf6 7. Nf3 b6 8. h4 Bb7 9. Bd3 Qe7 10. Qe2 c5 11. Ne5 g6 12. Qf3 Bg7 13. Nd6+ Qxd6 14. Qf7+ Kd8 15. Qxg7 Rf8 16. Nf7+ Rxf7 17. Qxf7 c4 18. Be2 Bxg2 19. Bf3 Qb4+ 20. Ke2 Bxf3+ 21. Kxf3 Kc7 22. Qf4+ Kb7 23. Rab1 Nc6 24. c3 Qe7 25. Kg2 Rf8 26. Qg3 Rf5 27. Rbe1 Qf6 28. b3 cxb3 29. axb3 g5 30. Re4 h5 31. Re3 g4 32. f3 Rf4 33. Rf1 Qh6 34. Kh2 Ne7 35. Re4 Rf7 36. Qg2 d5 37. Re5 Qf4+ 38. Qg3 Qxg3+ 39. Kxg3 Nf5+ 40. Kh2 Nxh4 41. Rxh5 Nxf3+ 42. Kg3 Rg7 43. Rfh1 Nd2 44. Rh7 Ne4+ 45. Kf4 Rxh7 46. Rxh7+ Kc6 47. c4 Nd2 48. cxd5+ exd5 49. Rxa7 Nxb3 50. Ke3 Na5 51. Rg7 b5 52. Rg6+ Kc7 53. Rxg4 Nc6 54. Kd2 Kd6 55. Kc3 Kd7 56. Rg5 Kd6 57. Rh5 Ke6 58. Rh7 Kd6 59. Rb7 b4+ 60. Kd3 Ke6 61. Rh7 Kd6 62. Rh4 Kd7 63. Kc2 Na5 64. Rh3 Nc6 65. Kd3 Kd6 66. Rh5 Ke6 67. Rh6+ Kd7 1/2-1/2

[Event "Meisdorf Open"]
[Site "?"]
[Date "1996.??.??"]
[Round "?"]
[White "Gnichtel Gerd"]
[Black "Lutz Christopher"]
[Result "0-1"]
[WhiteElo "2165"]
[BlackElo "2555"]
[PlyCount "48"]
[EventDate "1996.??.??"]
[Source "www.chesslib.no"]
[SourceDate "2004.05.04"]

1. d4 f5 2. e4 fxe4 3. Nc3 Nf6 4. Bg5 Nc6 5. d5 Ne5 6. Qd4 Nf7 7. Bxf6 exf6 8. Nxe4 Be7 9. Ng3 O-O 10. O-O-O c5 11. Qd2 Nd6 12. f4 b5 13. Nf3 b4 14. c4 bxc3 15. Qxc3 Qb6 16. Bd3 c4 17. Rhe1 cxd3 18. Rxe7 Ba6 19. Kb1 Rac8 20. Qd4 Qc7 21. Ne1 Rf7 22. Rxf7 Kxf7 23. Qe3 Nc4 24. Qd4 Nd2+ 0-1

[Event "Rd02-Barbican"]
[Site "?"]
[Date "1993.10.03"]
[Round "2.4"]
[White "Crouch Colin"]
[Black "Houska Miroslav"]
[Result "1/2-1/2"]
[WhiteElo "2415"]
[BlackElo "2300"]
[PlyCount "42"]
[EventDate "1993.??.??"]
[Source "www.chesslib.no"]
[SourceDate "2004.05.04"]

1. d4 f5 2. Nc3 Nf6 3. Bg5 e6 4. e4 fxe4 5. Nxe4 Be7 6. Bxf6 Bxf6 7. Qh5+ g6 8. Qh6 Qe7 9. Nxf6+ Qxf6 10. Nf3 Nc6 11. O-O-O d6 12. Bb5 Bd7 13. Rhe1 O-O-O 14. Qe3 Rhe8 15. Kb1 Kb8 16. a3 Ne7 17. Bxd7 Nd5 18. Qg5 Rxd7 19. c4 Qxg5 20. Nxg5 Nb6 21. b3 Rde7 1/2-1/2

[Event "NOR-ch"]
[Site "Stavanger"]
[Date "1997.??.??"]
[Round "2"]
[White "Fyllingen, Roy Harald"]
[Black "Bern, Ivar"]
[Result "1/2-1/2"]
[WhiteElo "2405"]
[BlackElo "2310"]
[PlyCount "83"]
[EventDate "1997.??.??"]
[Source "www.chesslib.no"]
[SourceDate "2004.05.04"]

1. d4 f5 2. e4 fxe4 3. Nc3 Nf6 4. Bg5 Nc6 5. d5 Ne5 6. Qd4 Nf7 7. Bxf6 exf6 8. Nxe4 f5 9. Nc3 g6 10. Bc4 d6 11. Bb5+ Bd7 12. Nf3 Bh6 13. Qa4 a6 14. Bxd7+ Qxd7 15. Qb3 c5 16. O-O O-O 17. Rfe1 Rae8 18. Re6 Nd8 19. Rae1 b5 20. Rxe8 Rxe8 21. Rxe8+ Qxe8 22. Kf1 Nf7 23. a4 b4 24. Ne2 Ne5 25. Nxe5 Qxe5 26. g3 a5 27. c3 Qe4 28. cxb4 cxb4 29. Qd1 Bg7 30. b3 g5 31. Ng1 g4 32. f3 Qd4 33. Qxd4 Bxd4 34. Ne2 Be3 35. f4 Kf7 36. Ke1 Ke7 37. Kd1 Kd7 38. Kc2 Kc7 39. Kd3 Bf2 40. Kc4 Kb6 41. Nd4 Bxd4 42. Kxd4 1/2-1/2

[Event "CSR Ch"]
[Site "Frenstat"]
[Date "1982.??.??"]
[Round "17"]
[White "Pribyl, Josef"]
[Black "Polasek, Jaroslav"]
[Result "1/2-1/2"]
[WhiteElo "2425"]
[BlackElo "2290"]
[PlyCount "140"]
[EventDate "1982.09.??"]
[Source "www.chesslib.no"]
[SourceDate "2004.05.04"]

1. d4 f5 2. Nc3 Nf6 3. Bg5 e6 4. e4 fxe4 5. Nxe4 Be7 6. Bxf6 Bxf6 7. Qh5+ g6 8. Qh6 Nc6 9. Nf3 Qe7 10. Nxf6+ Qxf6 11. O-O-O b6 12. h4 Bb7 13. Qg5 Rf8 14. a3 Ne7 15. Ne5 O-O-O 16. Rd2 Nd5 17. c4 Nf4 18. Qxf6 Rxf6 19. Rg1 d6 20. Ng4 Rff8 21. g3 Nh5 22. Bh3 Ng7 23. Re1 Rde8 24. Ne3 Kb8 25. Nd1 Bf3 26. Nc3 h6 27. Bf1 g5 28. hxg5 hxg5 29. Bd3 Rf6 30. Be4 Ref8 31. Bxf3 Rxf3 32. Nd1 Rh8 33. Ne3 Kc8 34. Ng4 Kd7 35. Kc2 Ne8 36. Kd1 Rff8 37. Ke2 Nf6 38. Ne5+ dxe5 39. dxe5+ Nd5 40. cxd5 exd5 41. Rxd5+ Ke6 42. Rd3 Rf5 43. Re3 c5 44. Rd1 Rh2 45. Rf3 Rxe5+ 46. Re3 Rh7 47. Rd8 Rxe3+ 48. Kxe3 Rh1 49. Rg8 Rb1 50. Rxg5 Rxb2 51. f4 Ra2 52. Ke4 Re2+ 53. Kf3 Ra2 54. Re5+ Kf7 55. Re3 b5 56. Rb3 a6 57. g4 c4 58. Rc3 Rb2 59. Ke4 Rb3 60. Kd4 Rxc3 61. Kxc3 Ke6 62. Kd4 Kf6 63. Ke4 a5 64. Kd4 a4 65. Kc3 Ke6 66. Kd4 Kf6 67. f5 Kg5 68. Kc3 Kf6 69. Kd4 Kg5 70. Kc3 Kf6 1/2-1/2

[Event "Germany"]
[Site "?"]
[Date "2004.11.13"]
[Round "2"]
[White "Genkin Michael"]
[Black "Solonar Stephan"]
[Result "0-1"]
[WhiteElo "2325"]
[BlackElo "2390"]
[PlyCount "92"]
[EventDate "2004.??.??"]
[Source "www.chesslib.no"]
[SourceDate "2004.05.04"]

1. d4 f5 2. e4 fxe4 3. Nc3 Nf6 4. Bg5 Nc6 5. d5 Ne5 6. Qd4 Nf7 7. Bxf6 exf6 8. Nxe4 Be7 9. O-O-O O-O 10. f4 d6 11. Ng3 c5 12. Qe4 f5 13. Nxf5 Bf6 14. Ng3 Re8 15. Qd3 b5 16. N1e2 Bg4 17. Ne4 c4 18. Nxf6+ Qxf6 19. Qd2 b4 20. h3 c3 21. Qd3 Bxe2 22. Bxe2 Qxf4+ 23. Kb1 Ne5 24. Qd4 Qg3 25. Bb5 Rf8 26. Rhf1 Rxf1 27. Rxf1 Qxg2 28. Qxb4 a6 29. Bxa6 Nf3 30. Rc1 Nd2+ 31. Ka1 Qxh3 32. Qxd6 Qe3 33. Rh1 Qa7 34. Re1 Qxa6 35. Qxa6 cxb2+ 36. Kxb2 Rxa6 37. Kc3 Nf3 38. Rf1 g5 39. Kc4 g4 40. Kc5 Rxa2 41. c4 Rc2 42. d6 Kf7 43. Kd5 Rd2+ 44. Kc6 Ke6 45. c5 Ne5+ 46. Kb6 Rb2+ 0-1

[Event "Sibenik"]
[Site "?"]
[Date "2006.09.22"]
[Round "1.2"]
[White "Sale Srdjan"]
[Black "Zelic Mladen"]
[Result "1-0"]
[WhiteElo "2438"]
[BlackElo "2274"]
[PlyCount "69"]
[EventDate "2006.??.??"]
[Source "www.chesslib.no"]
[SourceDate "2004.05.04"]

1. d4 f5 2. Nc3 Nf6 3. Bg5 e6 4. e4 fxe4 5. Nxe4 Be7 6. Bxf6 Bxf6 7. Nf3 b6 8. Bd3 Nc6 9. c3 Bb7 10. Qc2 Qe7 11. O-O-O O-O-O 12. Rhe1 g5 13. Kb1 g4 14. Nfd2 Bg7 15. f4 Rdf8 16. g3 h5 17. Qa4 Kb8 18. Ba6 Rf5 19. Bxb7 Kxb7 20. Nf1 Qf7 21. Ne3 Ra5 22. Qc2 h4 23. Ng5 Qh5 24. d5 exd5 25. Rxd5 Rxd5 26. Nxd5 hxg3 27. hxg3 Qh2 28. Qxh2 Rxh2 29. Ne3 b5 30. Nxg4 Rg2 31. Ne3 Rh2 32. Ne4 d6 33. g4 b4 34. g5 Ne7 35. f5 1-0

[Event "It (Open) Boeblingen GER"]
[Site "?"]
[Date "2005.12.30"]
[Round "9"]
[White "Dausch Rene"]
[Black "Schmidt Schaeffer Sebastian"]
[Result "1/2-1/2"]
[WhiteElo "2387"]
[BlackElo "2325"]
[PlyCount "82"]
[EventDate "2005.??.??"]
[Source "www.chesslib.no"]
[SourceDate "2004.05.04"]

1. d4 f5 2. e4 fxe4 3. Nc3 Nf6 4. Bg5 Nc6 5. d5 Ne5 6. Qe2 d6 7. O-O-O Bg4 8. f3 exf3 9. gxf3 Bf5 10. f4 Ng6 11. Nf3 Qd7 12. Nd4 Bg4 13. Qe3 a6 14. Re1 c5 15. Ne6 Bxe6 16. dxe6 Qc6 17. h4 O-O-O 18. Be2 h6 19. Bf3 d5 20. Bxf6 exf6 21. Nxd5 Rxd5 22. c4 Bd6 23. Bxd5 Qc7 24. Qe4 Nxf4 25. h5 Kb8 26. Qf5 Re8 27. Rhf1 Be5 28. Re4 Nd3+ 29. Kc2 Nb4+ 30. Kb1 Bxb2 31. Re2 Be5 32. a3 Nxd5 33. cxd5 c4 34. Kc2 Qd6 35. Rxe5 fxe5 36. Qf7 Rc8 37. e7 Qd7 38. Qe6 Qa4+ 39. Kc1 Qxa3+ 40. Kd1 Qd3+ 41. Ke1 Qe3+ 1/2-1/2

[Event "Corr"]
[Site "?"]
[Date "2000.??.??"]
[Round "?"]
[White "Elison Kari"]
[Black "Cuadrado Wentwort Hyde Guille"]
[Result "0-1"]
[WhiteElo "2293"]
[BlackElo "2419"]
[PlyCount "40"]
[EventDate "2000.??.??"]
[Source "www.chesslib.no"]
[SourceDate "2004.05.04"]

1. d4 f5 2. e4 fxe4 3. Nc3 Nf6 4. Bg5 Nc6 5. d5 Ne5 6. Qd4 Nf7 7. h4 e5 8. Qe3 Bb4 9. Nge2 Nxd5 10. Qxe4 Bxc3+ 11. bxc3 Nf6 12. Qa4 h6 13. Bd2 b6 14. Ng3 Bb7 15. f3 O-O 16. O-O-O d5 17. Nf5 Nd6 18. Nxd6 Qxd6 19. h5 e4 20. Be3 Rae8 0-1

[Event "FIDE WCh Women KO, Moscow RUS (1.2)"]
[Site "?"]
[Date "2001.??.??"]
[Round "?"]
[White "Huang Qian"]
[Black "Hoang Thanh Trang"]
[Result "0-1"]
[WhiteElo "2275"]
[BlackElo "2435"]
[PlyCount "66"]
[EventDate "2001.??.??"]
[Source "www.chesslib.no"]
[SourceDate "2004.05.04"]

1. d4 f5 2. e4 fxe4 3. Nc3 Nf6 4. Bg5 Nc6 5. f3 e3 6. Bxe3 d5 7. Nge2 e5 8. Qd2 exd4 9. Nxd4 Nxd4 10. Bxd4 c6 11. O-O-O Be7 12. Kb1 O-O 13. g4 b5 14. Ne2 Bb7 15. Nf4 Qd6 16. Re1 Ne4 17. fxe4 Qxf4 18. Be3 Qxe4 19. Bd3 Qb4 20. c3 Qd6 21. Qc2 h6 22. Rhg1 Bh4 23. Re2 Rae8 24. g5 hxg5 25. Bc1 Bc8 26. Reg2 Bh3 27. Rxg5 Bxg5 28. Rxg5 Re5 29. Rg6 Qd7 30. a3 Bf5 31. Bxf5 Qxf5 32. Rxc6 Re1 33. Rc5 Qe4 0-1

[Event "Champions op"]
[Site "USA"]
[Date "1998.??.??"]
[Round "?"]
[White "Bonin, Jay R"]
[Black "Bouzoukis, Charles"]
[Result "1-0"]
[WhiteElo "2390"]
[BlackElo "2320"]
[PlyCount "49"]
[EventDate "1998.??.??"]
[Source "www.chesslib.no"]
[SourceDate "2004.05.04"]

1. d4 f5 2. Nc3 Nf6 3. Bg5 e6 4. e4 fxe4 5. Nxe4 Be7 6. Bxf6 Bxf6 7. Nf3 Qe7 8. c3 Nc6 9. Bd3 b6 10. Qe2 Bb7 11. h4 O-O-O 12. Ba6 Qf7 13. a4 e5 14. a5 d6 15. d5 Nb8 16. Bxb7+ Kxb7 17. Qc4 Rdf8 18. axb6 axb6 19. Ke2 Bd8 20. Ra3 Qg6 21. Rha1 Rf4 22. Nfd2 Rxh4 23. Ra8 Rf8 24. Qa4 Qg4+ 25. Kd3 1-0

[Event "Corr"]
[Site "?"]
[Date "1998.??.??"]
[Round "1"]
[White "Gawehns Klaus"]
[Black "Dunne Alex"]
[Result "1-0"]
[WhiteElo "2410"]
[BlackElo "2300"]
[PlyCount "87"]
[EventDate "1998.??.??"]
[Source "www.chesslib.no"]
[SourceDate "2004.05.04"]

1. d4 f5 2. Nc3 Nf6 3. Bg5 e6 4. e4 fxe4 5. Nxe4 Be7 6. Bxf6 Bxf6 7. Qh5+ g6 8. Qh6 b6 9. Nf3 Bb7 10. Bd3 Nc6 11. c3 Qe7 12. Qf4 O-O 13. Qxc7 Rab8 14. O-O Ba8 15. Rfe1 Bg7 16. Qg3 Bh6 17. Neg5 Qf6 18. h4 b5 19. Ne5 Nxe5 20. dxe5 Qf4 21. Qxf4 Rxf4 22. g3 Ra4 23. a3 Bxg5 24. hxg5 Rg4 25. Rad1 Rxg5 26. Bf1 Bc6 27. Bg2 Bxg2 28. Kxg2 Rb7 29. Re4 Rf5 30. g4 Rf7 31. Rd6 g5 32. Red4 Kf8 33. f3 Rc7 34. Kf2 Ke8 35. Ke3 Rc5 36. Re4 a5 37. Ra6 a4 38. Ra8+ Ke7 39. Rg8 d5 40. Rd4 Rc4 41. Rxc4 bxc4 42. Ra8 Rf4 43. Ra7+ Kf8 44. Rxh7 1-0

[Event "BCF Team Ch 9697"]
[Site "England"]
[Date "1996.??.??"]
[Round "?"]
[White "Littlewood, Paul E"]
[Black "Lund, Brett"]
[Result "1-0"]
[WhiteElo "2445"]
[BlackElo "2260"]
[PlyCount "53"]
[EventDate "1996.??.??"]
[Source "www.chesslib.no"]
[SourceDate "2004.05.04"]

1. d4 f5 2. e4 fxe4 3. Nc3 Nf6 4. Bg5 Nc6 5. d5 Ne5 6. Qd4 Nf7 7. Nh3 g6 8. Nxe4 Bg7 9. Bd2 c6 10. c4 Nh5 11. Qe3 Bxb2 12. Rb1 Bg7 13. Be2 Nf6 14. Nxf6+ Bxf6 15. Nf4 Qc7 16. h4 Qe5 17. Qf3 Nd6 18. O-O Nf5 19. Rfe1 Nd4 20. Qh3 Nxe2+ 21. Rxe2 Qd4 22. Qg3 Qxc4 23. Rbe1 cxd5 24. Rxe7+ Bxe7 25. Qg5 Qe4 26. Rxe4 dxe4 27. Qe5 1-0

[Event "FRA-chT"]
[Site "FRA"]
[Date "1998.??.??"]
[Round "3"]
[White "Toulzac, Pierre Yves"]
[Black "Ochoa de Echaguen, F Javier"]
[Result "1/2-1/2"]
[WhiteElo "2265"]
[BlackElo "2440"]
[PlyCount "83"]
[EventDate "1998.02.06"]
[Source "www.chesslib.no"]
[SourceDate "2004.05.04"]

1. d4 f5 2. Nc3 Nf6 3. e4 fxe4 4. Bg5 Nc6 5. d5 Ne5 6. Qd4 d6 7. Nxe4 c5 8. Nxc5 Qa5+ 9. b4 dxc5 10. Qxe5 Qxb4+ 11. Bd2 Qe4+ 12. Qxe4 Nxe4 13. Bf4 e6 14. Bc4 Bd6 15. Bd3 Bxf4 16. Bxe4 exd5 17. Bxd5 Kd8 18. Ne2 Re8 19. Bf3 Kc7 20. O-O Be5 21. Rab1 Rb8 22. Rb3 Be6 23. Ra3 Bc4 24. Rb1 Bxh2+ 25. Kf1 Be5 26. Rxa7 Ba6 27. c4 Re6 28. Nc1 Rb6 29. Nb3 Rh6 30. g3 Kb6 31. Rxa6+ bxa6 32. Nd4+ Ka5 33. Rxb8 Bxb8 34. Nc6+ Ka4 35. Nxb8 Ka3 36. Nd7 Kxa2 37. Nxc5 a5 38. Bd5 Kb2 39. Ke2 Kc3 40. Ke3 Rh5 41. Nd3 a4 42. Be6 1/2-1/2

[Event "San Copiapo"]
[Site "San Copiapo"]
[Date "1992.??.??"]
[Round "5"]
[White "Valiente, Cristobal"]
[Black "Rodriguez, Andres"]
[Result "1/2-1/2"]
[WhiteElo "2345"]
[BlackElo "2360"]
[PlyCount "43"]
[EventDate "1992.??.??"]
[Source "www.chesslib.no"]
[SourceDate "2004.05.04"]

1. d4 f5 2. e4 fxe4 3. Nc3 Nf6 4. Bg5 Nc6 5. d5 Ne5 6. Qd4 Nf7 7. Bxf6 exf6 8. Nxe4 f5 9. Ng3 g6 10. Nf3 Be7 11. Bc4 O-O 12. O-O-O Bf6 13. Qd3 b5 14. Bxb5 Rb8 15. c3 Qe7 16. Bc4 Qc5 17. Rd2 Nd6 18. Bb3 Rb6 19. Qe3 Qa5 20. Ne5 Bxe5 21. Qxe5 f4 22. Nh5 1/2-1/2

[Event "Gongyos Matra op 25th"]
[Site "?"]
[Date "2002.07.30"]
[Round "7.1"]
[White "Krivolapov Konstantin"]
[Black "Prokopisin Vasily"]
[Result "1/2-1/2"]
[WhiteElo "2371"]
[BlackElo "2332"]
[PlyCount "29"]
[EventDate "2002.??.??"]
[Source "www.chesslib.no"]
[SourceDate "2004.05.04"]

1. d4 f5 2. Nc3 Nf6 3. Bg5 e6 4. e4 fxe4 5. Nxe4 Be7 6. Bd3 O-O 7. Bxf6 Bxf6 8. Nf3 b6 9. Nxf6+ Qxf6 10. Qe2 Bb7 11. Be4 Bxe4 12. Qxe4 Nc6 13. O-O Qf5 14. Rfe1 Qxe4 15. Rxe4 1/2-1/2

[Event "Pappier Memorial B"]
[Site "CAPA email"]
[Date "1998.??.??"]
[Round "9"]
[White "Cody, Philip C (CAN)"]
[Black "Frank, Mario Alberto"]
[Result "1-0"]
[WhiteElo "2350"]
[BlackElo "2350"]
[PlyCount "47"]
[EventDate "1998.??.??"]
[Source "www.chesslib.no"]
[SourceDate "2004.05.04"]

1. d4 f5 2. e4 fxe4 3. Nc3 Nf6 4. Bg5 Nc6 5. d5 Ne5 6. Qe2 c6 7. dxc6 bxc6 8. Nxe4 Rb8 9. Bd2 e6 10. Bc3 d6 11. Nxf6+ Qxf6 12. g3 Qg6 13. Bxe5 dxe5 14. Qxe5 Rb4 15. Qc7 Qxc2 16. Qxc8+ Kf7 17. Be2 Rxb2 18. Kf1 Qe4 19. Qd7+ Be7 20. Bf3 Qc2 21. Nh3 Rd8 22. Qxa7 Kf8 23. Kg2 c5 24. Rad1 1-0

[Event "La Serena"]
[Site "La Serena"]
[Date "1972.??.??"]
[Round "7"]
[White "Rodriguez, Orestes"]
[Black "Belmonte, Juan S"]
[Result "1-0"]
[WhiteElo "2425"]
[BlackElo "2275"]
[PlyCount "81"]
[EventDate "1972.??.??"]
[Source "www.chesslib.no"]
[SourceDate "2004.05.04"]

1. d4 f5 2. e4 fxe4 3. Nc3 Nf6 4. Bg5 Nc6 5. d5 Ne5 6. Qd4 Nf7 7. Bxf6 exf6 8. Nxe4 f5 9. Ng3 g6 10. O-O-O Bh6+ 11. f4 O-O 12. Nf3 Bg7 13. Qd2 Qf6 14. c3 b5 15. Bxb5 Rb8 16. Bd3 Ba6 17. Rhe1 Qb6 18. Qc2 Qa5 19. Bxa6 Qxa6 20. b3 Nd6 21. Ne5 Nb5 22. Ne2 Qa3+ 23. Qb2 Qe7 24. Nd4 Nxd4 25. Rxd4 Rfe8 26. Rd2 Qc5 27. b4 Qb5 28. d6 Bxe5 29. fxe5 Rxe5 30. Rxe5 Qxe5 31. dxc7 Qxc7 32. h3 Re8 33. Qb3+ Kg7 34. Kb2 Re3 35. b5 Kf6 36. Qb4 Ke6 37. Qd4 Re5 38. a4 d6 39. Kb3 Ke7 40. Qh4+ Ke8 41. Qf6 1-0

[Event "Arco di Trento"]
[Site "?"]
[Date "1998.??.??"]
[Round "?"]
[White "Timoscenko, G."]
[Black "Niedermayr, H."]
[Result "1-0"]
[WhiteElo "2470"]
[BlackElo "2225"]
[PlyCount "39"]
[EventDate "1998.??.??"]
[Source "www.chesslib.no"]
[SourceDate "2004.05.04"]

1. d4 f5 2. e4 fxe4 3. Nc3 Nf6 4. Bg5 Nc6 5. d5 Ne5 6. Qe2 Nf7 7. h4 Nd6 8. O-O-O Kf7 9. f3 e3 10. Qxe3 g6 11. g4 Bg7 12. h5 gxh5 13. gxh5 h6 14. Bf4 Nf5 15. Qd3 d6 16. Bh3 Nxh5 17. Nge2 Nxf4 18. Nxf4 Nd4 19. Bxc8 Qxc8 20. Qg6+ 1-0